Normal view
MARC view
- Cragie, Stella, Pattison, Ann
Entry Personal Name
001 - CONTROL NUMBER
- control field: 5981
003 - CONTROL NUMBER IDENTIFIER
- control field: JO-AjAnu
005 - DATE AND TIME OF LATEST TRANSACTION
- control field: 20230606071254.0
008 - FIXED-LENGTH DATA ELEMENTS
- fixed length control field: 230606|| aca||aabn | a|a d
040 ## - CATALOGING SOURCE
- Original cataloging agency: JO-AjAnu
- Transcribing agency: JO-AjAnu
100 ## - HEADING--PERSONAL NAME
- Personal name: Cragie, Stella, Pattison, Ann
670 ## - SOURCE DATA FOUND
- Source citation: Work cat.: (JO-AjAnu)3099: Cragie, Stella, Pattison, Ann , author, Thinking English Translation Analysing and Translating English Source Texts